000 00338nam a22001457a 4500
008 211019b ||||| |||| 00| 0 eng d
020 _a9780789496478
041 _aeng
080 _a330
082 _a330
100 _a58
101 _aBIZ
245 _aRe-imagine! Business Excellence in a Disruptive Age
_cPeter,T
942 _2udc
_cBK
999 _c58264
_d58264